বাংলাদেশের ইতিহাস, ১৭০৪-১৯৭১ : (Record no. 242994)
[ view plain ]
| 000 -LEADER | |
|---|---|
| fixed length control field | 01246nam a22002537a 4500 |
| 003 - CONTROL NUMBER IDENTIFIER | |
| control field | BD-DhUL |
| 005 - DATE AND TIME OF LATEST TRANSACTION | |
| control field | 20220309102209.0 |
| 008 - FIXED-LENGTH DATA ELEMENTS--GENERAL INFORMATION | |
| fixed length control field | 180807m20072021bg ab || b||| 00| 0 ben |
| 020 ## - INTERNATIONAL STANDARD BOOK NUMBER | |
| International Standard Book Number | 9845120067 (hbk) |
| 040 ## - CATALOGING SOURCE | |
| Original cataloging agency | BD-DhUL |
| Transcribing agency | BD-DhUL |
| 082 ## - DEWEY DECIMAL CLASSIFICATION NUMBER | |
| Classification number | 954.92 |
| Item number | BAN |
| 245 10 - TITLE STATEMENT | |
| Title | বাংলাদেশের ইতিহাস, ১৭০৪-১৯৭১ : |
| Remainder of title | খণ্ড ১ / |
| Statement of responsibility, etc. | সম্পাদনা সিরাজুল ইসলাম, সাজাহান মিয়া । |
| 250 ## - EDITION STATEMENT | |
| Edition statement | ৩য় সং |
| 260 ## - PUBLICATION, DISTRIBUTION, ETC. (IMPRINT) | |
| Place of publication, distribution, etc. | ঢাকা : |
| Name of publisher, distributor, etc. | বাংলাদেশ এশিয়াটিক সোসাইটি, |
| Date of publication, distribution, etc. | ২০০৭ (২০২১ মুদ্রণ) । |
| 300 ## - PHYSICAL DESCRIPTION | |
| Extent | খ. : |
| Other physical details | চিত্র, মানচিত্র ; |
| Dimensions | ২৪ সেমি. |
| 365 ## - TRADE PRICE | |
| Price type code | BDT |
| Price amount | 3000.00 |
| 504 ## - BIBLIOGRAPHY, ETC. NOTE | |
| Bibliography, etc | গ্রন্থপঞ্জিগত তথ্য সংবলিত । |
| 505 0# - FORMATTED CONTENTS NOTE | |
| Formatted contents note | খণ্ড ১। রাজনৈতিক ইতিহাস । |
| 651 #4 - SUBJECT ADDED ENTRY--GEOGRAPHIC NAME | |
| Geographic name | বাংলাদেশ |
| General subdivision | ইতিহাস । |
| 651 #4 - SUBJECT ADDED ENTRY--GEOGRAPHIC NAME | |
| Geographic name | Bangladesh |
| General subdivision | History. |
| 700 1# - ADDED ENTRY--PERSONAL NAME | |
| Personal name | ইসলাম, সিরাজুল |
| Relator term | সম্পা. |
| 700 1# - ADDED ENTRY--PERSONAL NAME | |
| Personal name | মিয়া, সাজাহান |
| Relator term | সম্পা. |
| 942 ## - ADDED ENTRY ELEMENTS (KOHA) | |
| Source of classification or shelving scheme | |
| Koha item type | Books |
| Price effective from | Date last seen | Permanent Location | Not for loan | Date acquired | Source of classification or shelving scheme | Koha item type | Lost status | Withdrawn status | Copy number | Source of acquisition | Collection code | Damaged status | Shelving location | Barcode | Current Location | Full call number |
|---|---|---|---|---|---|---|---|---|---|---|---|---|---|---|---|---|
| 2018-08-07 | 2018-08-07 | Dhaka University Library | 2018-07-05 | Books | 1 | Purchased | Non Fiction | General Stacks | 506049 | Dhaka University Library | 954.92 BAN | |||||
| 2018-08-07 | 2018-08-07 | Dhaka University Library | 2018-07-05 | Books | 2 | Purchased | Non Fiction | General Stacks | 506052 | Dhaka University Library | 954.92 BAN | |||||
| 2018-08-07 | 2018-08-07 | Dhaka University Library | 2018-07-05 | Books | 3 | Purchased | Non Fiction | General Stacks | 506195 | Dhaka University Library | 954.92 BAN | |||||
| 2018-08-07 | 2018-08-07 | Dhaka University Library | 2018-07-05 | Books | 4 | Purchased | Non Fiction | General Stacks | 506196 | Dhaka University Library | 954.92 BAN | |||||
| 2019-05-29 | 2019-05-29 | Dhaka University Library | 2019-05-29 | Books | 5 | Purchased | Non Fiction | General Stacks | 507624 | Dhaka University Library | 954.92 BAN | |||||
| 2019-05-29 | 2019-05-29 | Dhaka University Library | 2019-05-29 | Books | 6 | Purchased | Non Fiction | General Stacks | 507627 | Dhaka University Library | 954.92 BAN | |||||
| 2019-05-29 | 2019-05-29 | Dhaka University Library | 2019-05-29 | Books | 7 | Purchased | Non Fiction | General Stacks | 507830 | Dhaka University Library | 954.92 BAN | |||||
| 2019-05-29 | 2019-05-29 | Dhaka University Library | 2019-05-29 | Books | 8 | Purchased | Non Fiction | General Stacks | 507833 | Dhaka University Library | 954.92 BAN | |||||
| 2019-05-29 | 2019-05-29 | Dhaka University Library | 2019-05-29 | Books | 9 | Purchased | Non Fiction | General Stacks | 508094 | Dhaka University Library | 954.92 BAN | |||||
| 2019-05-29 | 2019-05-29 | Dhaka University Library | 2019-05-29 | Books | 10 | Purchased | Non Fiction | General Stacks | 508097 | Dhaka University Library | 954.92 BAN | |||||
| 2021-09-07 | Dhaka University Library | 2021-12-28 | Books | 11 | Purchased | Non Fiction | General Stacks | 519342 | Dhaka University Library | 954.92 BAN | ||||||
| 2021-09-07 | Dhaka University Library | 2021-12-28 | Books | 12 | Purchased | Non Fiction | General Stacks | 519574 | Dhaka University Library | 954.92 BAN | ||||||
| 2021-09-07 | Dhaka University Library | 2021-12-28 | Books | 13 | Purchased | Non Fiction | General Stacks | 519577 | Dhaka University Library | 954.92 BAN | ||||||
| 2022-02-22 | 2022-02-22 | Dhaka University Library | 2022-02-22 | Books | 14 | Purchased | Non Fiction | General Stacks | 520100 | Dhaka University Library | 954.92 BAN | |||||
| 2022-02-22 | 2022-02-22 | Dhaka University Library | 2022-02-22 | Books | 15 | Purchased | Non Fiction | General Stacks | 520103 | Dhaka University Library | 954.92 BAN |
